logo

Bir Sreshtho Munshi Abdur Rouf Library
Jhenaidah Cadet College

ঈশপের গল্প / (Record no. 5833)

MARC details
000 -LEADER
fixed length control field 00669nam a2200229 a 4500
001 - CONTROL NUMBER
JCCL Control Number 5833
003 - CONTROL NUMBER IDENTIFIER
JCCL marc code BD-JhCC
005 - DATE AND TIME OF LATEST TRANSACTION
control field 20220825134021.0
008 - FIXED-LENGTH DATA ELEMENTS--GENERAL INFORMATION
fixed length control field 171217s2005 bg |||| ||a| 00| 0 ben d
020 ## - INTERNATIONAL STANDARD BOOK NUMBER
International Standard Book Number 9843108191
035 ## - SYSTEM CONTROL NUMBER
system control number (BD-JhCC)5833
040 ## - CATALOGING SOURCE
Original cataloging agency BD-JhCC
Modifying agency BD-JhCC
041 ## - LANGUAGE CODE
Language code of Book ben
082 ## - DEWEY DECIMAL CLASSIFICATION NUMBER
Classification number 891.4435
Author mark and Year HAS 2005
100 ## - MAIN ENTRY--PERSONAL NAME
Personal name হাসান, সৈয়দ মাহমুদুল
245 ## - TITLE STATEMENT
Title ঈশপের গল্প /
Statement of responsibility, etc সৈয়দ মাহমুদুল হাসান
260 ## - PUBLICATION, DISTRIBUTION, ETC. (IMPRINT)
Place of publication, distribution, etc Dhaka :
Name of publisher, distributor, etc উত্তরণ,
Date of publication, distribution, etc 2005.
300 ## - PHYSICAL DESCRIPTION
Pagination 95 p. :
Dimensions 22 cm.
650 ## - SUBJECT ADDED ENTRY--TOPICAL TERM
Topical term or geographic name as entry element Bengali Short Stories
942 ## - ADDED ENTRY ELEMENTS (KOHA)
Source of classification or shelving scheme Dewey Decimal Classification
Koha item type Books
Koha issues (borrowed), all copies 2
Holdings
Source of classification or shelving scheme Damaged status Not for loan Home library Current library Shelving location Date of accession Cost, normal purchase price Total Checkouts Full call number Barcode Date last seen Date checked out Copy number Koha item type
Dewey Decimal Classification     JCC Rouf Library JCC Rouf Library General Stacks 12/26/2017 60.00 4 891.4435 HAS 2005 8188 05/28/2024 02/18/2024 C-1 Books

JCC Library | Contacts | JCC Home

Last Update on 23 September 2017
Copyright @ 2017-2020 JCC Rouf Library
Rouf Library, Jhenidah Cadet College (JCC), Bangladesh